Human rights, gender and environment (Record no. 855)
[ view plain ]
| 000 -LEADER | |
|---|---|
| fixed length control field | 00959 a2200265 4500 |
| 008 - FIXED-LENGTH DATA ELEMENTS--GENERAL INFORMATION | |
| fixed length control field | 080821t xxu||||| |||| 00| 0 eng d |
| 010 ## - LIBRARY OF CONGRESS CONTROL NUMBER | |
| LC control number | ENG-85001 |
| 020 ## - INTERNATIONAL STANDARD BOOK NUMBER | |
| International Standard Book Number | 8184240023 |
| Terms of availability | 180.00 |
| 035 ## - SYSTEM CONTROL NUMBER | |
| System control number | EN-68534 |
| 037 ## - SOURCE OF ACQUISITION | |
| Source of stock number/acquisition | D. B. Act / Pub |
| 082 ## - DEWEY DECIMAL CLASSIFICATION NUMBER | |
| Classification number | 323 |
| 100 ## - MAIN ENTRY--PERSONAL NAME | |
| Personal name | Motilal, Shashi |
| 245 ## - TITLE STATEMENT | |
| Title | Human rights, gender and environment |
| Statement of responsibility, etc | by Shashi Motilal and Bijayalaxmi Nanda |
| 250 ## - EDITION STATEMENT | |
| Edition statement | 1st ed. |
| 260 ## - PUBLICATION, DISTRIBUTION, ETC. (IMPRINT) | |
| Place of publication, distribution, etc | New Delhi |
| Name of publisher, distributor, etc | Allied Publishers |
| Date of publication, distribution, etc | 2006 |
| 270 ## - ADDRESS | |
| Address | A-104, Mayapuri, Phase-II, |
| City | New Delhi |
| State or province | Delhi |
| Postal code | 110064 |
| 300 ## - PHYSICAL DESCRIPTION | |
| Extent | xii, 345 p. |
| Dimensions | 24 cm (Pbk) |
| 500 ## - GENERAL NOTE | |
| General note | Includes bibliographical references and index |
| 520 ## - SUMMARY, ETC. | |
| Summary, etc | The Book introduces the concept of human rights |
| 650 ## - SUBJECT ADDED ENTRY--TOPICAL TERM | |
| Topical term or geographic name as entry element | Human rights |
| 650 ## - SUBJECT ADDED ENTRY--TOPICAL TERM | |
| Topical term or geographic name as entry element | Gender |
| 700 ## - ADDED ENTRY--PERSONAL NAME | |
| Personal name | Nanda, Bijayalaxmi |
| 942 ## - ADDED ENTRY ELEMENTS (KOHA) | |
| Institution code [OBSOLETE] | dpl |
| Koha item type | English Books |
| Call number prefix | 323 / MOT |
| Source of classification or shelving scheme | Dewey Decimal Classification |
| Classification part | 323 |
| Call number suffix | MOT |
| Withdrawn status | Lost status | Damaged status | Not for loan | Home library | Current library | Date acquired | Cost, normal purchase price | Total Checkouts | Full call number | Barcode | Date last seen | Copy number | Uniform Resource Identifier | Cost, replacement price | Price effective from | Koha item type |
|---|---|---|---|---|---|---|---|---|---|---|---|---|---|---|---|---|
| D.B.Act.Division | D.B.Act.Division | 21/08/2008 | 180.00 | 323 MOT | EN-68534 | 15/09/2008 | 1 | 897 | 180.00 | 15/09/2008 | English Books |
